• 首页
  • 本馆介绍
  • 公告通知
  • 最新文献
  • 馆藏检索
  • 电子资源
  • 读者导购
  • 参考咨询
  • 我的图书馆
  • 登录
  • 详细信息显示
  • 放入我的书架
  • 预约/预借图书
  • 作者相关作品
  • 分类相关作品
  • 丛书相关作品
  • 出版社相关作品

书目信息

  • 表格格式
  • 工作单格式
  • 卡片格式
题名:
家畜生产系统学
    
 
作者: 刘少伯
分册:  
出版信息:    1992.04
页数: 160页
开本: 19cm
丛书名:
单 册:
中图分类: S82
科图分类:
主题词: 家畜
电子资源:
ISBN: 7-81002-290-3
000 00494nam0 2200193 45
001 03082710 7
005 20030827105607.3
010    @a7-81002-290-3@dRMB2.90
100    @a20030827d1992 km y0chiy0120 ea
101    @achi
105    @a z 000yy
200 1  @a家畜生产系统学@Ajia chu sheng chan xi tong xue@f刘少伯@Fliu shao bo
210    @d1992.04
215    @a160页@c无图表@d19cm
606 0  @a家畜
690    @aS82@v3
701  0 @a刘少伯
801    @aCN@b@c20030827
905    @aBZT@dS82@e125
    
    家畜生产系统学/刘少伯.-1992.04
    160页:无图表;19cm
    
    
    ISBN 7-81002-290-3:RMB2.90
    
●
相关链接 在五车中查询图书 在当当中查询图书 在豆瓣中查询图书


正题名:家畜生产系统学     索取号:S82/125         预约/预借

序号 登录号 条形码 馆藏地/架位号 状态 备注
1 80317   200304937   中心书库中库/ 中库031架B面5列4层61/ [索取号:S82/125] 在馆    
2 80318   200304928   中心书库中库/ 中库031架B面5列4层63/ [索取号:S82/125] 在馆    
3 80319   200304893   中心书库中库/ 中库031架B面5列4层62/ [索取号:S82/125] 在馆    
4 80320   200304857   中心书库中库/ 中库031架B面5列4层60/ [索取号:S82/125] 在馆    
5 80321   200304884   中心书库中库/ 中库031架B面5列5层70/ [索取号:S82/125] 在馆    
6 80322   200304919   中心书库中库/ 中库031架B面5列5层69/ [索取号:S82/125] 在馆    
7 80323   200304866   中心书库中库/ 中库031架B面5列5层68/ [索取号:S82/125] 在馆    
8 80324   200304900   中心书库中库/ 中库031架B面5列5层66/ [索取号:S82/125] 在馆    
9 80325   200304875   中心书库中库/ 中库031架B面5列5层67/ [索取号:S82/125] 在馆    
10 80326   200304946   中心书库中库/ 中库031架B面5列4层64/ [索取号:S82/125] 在馆    
山东省滨州职业学院图书馆 欢迎您!
大连网信软件有限公司© 版权所有